Biology of protozoa (Record no. 24077)

MARC details
000 -LEADER
fixed length control field 00467nam a22001817a 4500
003 - CONTROL NUMBER IDENTIFIER
control field OSt
005 - DATE AND TIME OF LATEST TRANSACTION
control field 20220218150825.0
008 - FIXED-LENGTH DATA ELEMENTS--GENERAL INFORMATION
fixed length control field 210226b ||||| |||| 00| 0 eng d
020 ## - INTERNATIONAL STANDARD BOOK NUMBER
International Standard Book Number 8171419062
082 ## - DEWEY DECIMAL CLASSIFICATION NUMBER
Classification number 579.4
Item number K52B
100 ## - MAIN ENTRY--PERSONAL NAME
Personal name Khanna, D. R.
245 ## - TITLE STATEMENT
Title Biology of protozoa
Statement of responsibility, etc by D. R. Khanna and P. R. Yadav
260 ## - PUBLICATION, DISTRIBUTION, ETC. (IMPRINT)
Place of publication, distribution, etc New Delhi
Name of publisher, distributor, etc Discovery Publishing House
Date of publication, distribution, etc 2004
300 ## - PHYSICAL DESCRIPTION
Extent 366p.
653 ## - INDEX TERM--UNCONTROLLED
Uncontrolled term Protozoa
700 ## - ADDED ENTRY--PERSONAL NAME
Personal name Yadav, P.R.
942 ## - ADDED ENTRY ELEMENTS (KOHA)
Source of classification or shelving scheme Dewey Decimal Classification
Koha item type Books
Holdings
Withdrawn status Lost status Source of classification or shelving scheme Damaged status Not for loan Collection code Home library Current library Date acquired Source of acquisition Total Checkouts Full call number Barcode Date last seen Price effective from Koha item type Use restrictions
    Dewey Decimal Classification     General Text Book Central University Of Rajasthan Central University Of Rajasthan 26/02/2021 MCB   579.4 K52B 34355 26/02/2021 26/02/2021 Books  
    Dewey Decimal Classification     General Text Book Central University Of Rajasthan Central University Of Rajasthan 26/02/2021 MCB   579.4 K52B 34356 26/02/2021 26/02/2021 Books  
    Dewey Decimal Classification     General Text Book Central University Of Rajasthan Central University Of Rajasthan 26/02/2021 MCB   579.4 K52B 34357 26/02/2021 26/02/2021 Books  
    Dewey Decimal Classification     General Text Book Central University Of Rajasthan Central University Of Rajasthan 26/02/2021 MCB   579.4 K52B 34358 25/05/2022 26/02/2021 Books  
    Dewey Decimal Classification     Reserve Text Book Central University Of Rajasthan Central University Of Rajasthan 26/02/2021 MCB   579.4 K52B 34359 25/05/2022 26/02/2021 Books Restricted Access
    Dewey Decimal Classification     General Text Book Central University Of Rajasthan Central University Of Rajasthan 26/02/2021 MCB   579.4 K52B 34360 26/02/2021 26/02/2021 Books  
    Dewey Decimal Classification     General Text Book Central University Of Rajasthan Central University Of Rajasthan 26/02/2021 MCB   579.4 K52B 34361 25/05/2022 26/02/2021 Books  
    Dewey Decimal Classification     General Text Book Central University Of Rajasthan Central University Of Rajasthan 26/02/2021 MCB   579.4 K52B 34362 25/05/2022 26/02/2021 Books  
    Dewey Decimal Classification     General Text Book Central University Of Rajasthan Central University Of Rajasthan 26/02/2021 MCB   579.4 K52B 34363 26/02/2021 26/02/2021 Books  
    Dewey Decimal Classification     General Text Book Central University Of Rajasthan Central University Of Rajasthan 26/02/2021 MCB   579.4 K52B 34364 26/02/2021 26/02/2021 Books